| 000 | 00785nam a2200193 4500 | ||
|---|---|---|---|
| 001 | 108443 | ||
| 003 | ES-MaACL | ||
| 005 | 20260127062535.0 | ||
| 007 | t| | ||
| 008 | 061121s1954 sp r ||||1| spa d | ||
| 100 | 1 |
_aMontero Gutiérrez, Eloy. _982525 |
|
| 245 | 1 | 3 |
_aEl Nuevo Concordato Español / _cDiscurso leído por el Excm. Sr. D. Eloy Montero Gutiérrez en la sesión pública de 20 de enero de 1954 inaugural del año académico de 1953 a 1954. |
| 260 |
_aMadrid : _b[s.n.], _c1954 ( _fImp. Vdª de Galo Sèz) |
||
| 300 |
_a190 p. ; _c23 cm. |
||
| 500 | _aPrecede al tít.: Real Academia de Jurisprudencia y Legislación. | ||
| 700 |
_aReal Academia de Jurisprudencia y Legislación de España _9217612 |
||
| 852 |
_aES-MaACL _jC-6511 _bR.35737 |
||
| 999 |
_c108443 _d108443 |
||